000 00506nam a2200169Ia 4500
005 20250326123503.0
008 250326s9999 xx 000 0 und d
037 _aTextbook
040 _aFMSL
_beng
_cFMSL
041 _aeng
_2eng
084 _aX:724 P6
_qFMSL
100 _aAhuja G
245 0 _aSystematic approach to income tax and central sales tax
_cAhuja G; Ravi Gupta
260 _aNew Delhi
_bNew Delhi, Bharat Law House
_c2006
942 _cTB
_hX:724 P6
999 _c1269569
_d1269569